Orationes
Shranjeno v:
| Glavni avtor: | |
|---|---|
| Drugi avtorji: | , |
| Format: | Knjiga |
| Jezik: | angleščina |
| Izdano: |
Oxonii, Great Britain:
E Typographeo Clarendoniano,
1917-1918
|
| Izdaja: | Second edition. |
| Serija: | Scriptorum Classicorum Bibliotheca Oxoniensis.
|
| Teme: | |
| Oznake: |
Označite
Brez oznak, prvi označite!
|
MARC
| LEADER | 00000nam a22000007a 4500 | ||
|---|---|---|---|
| 003 | CL-VaPUC | ||
| 005 | 20220822114456.0 | ||
| 008 | 220314t19171918 ||||| |||| 00| 0 eng d | ||
| 999 | |c 435854 |d 435852 | ||
| 040 | |c Pontificia Universidad Católica de Valparaíso | ||
| 082 | |a 875 CIC 1918 (v.II) | ||
| 082 | |a 875 CIC 1917 (v.III) | ||
| 100 | |a Ciceronis, M. Tulli |e autor |9 401237 | ||
| 245 | |a Orationes | ||
| 250 | |a Second edition. | ||
| 260 | |a Oxonii, Great Britain: |b E Typographeo Clarendoniano, |c 1917-1918 | ||
| 300 | |a 5 volúmenes | ||
| 490 | |a Scriptorum Classicorum Bibliotheca Oxoniensis. | ||
| 500 | |a v.II- v.III. c.1 Donación Familia Prof. Alejandro Guzmán Brito. | ||
| 505 | |a v.II. Pro Milone. Pro Marcello. Pro Ligario. Pro rege Deiotaro. Philippicae I-XIV. v.III. Divinatio in Q. Caecilivm. In C. Verrem -- | ||
| 583 | |c 20220314 |k Cristina María Rojas Aguilar | ||
| 600 | 0 | |9 255203 |a Cicerón, Marco Tulio |x Discursos | |
| 650 | |a Retórica latina |9 869576 | ||
| 650 | |a Oratoria latina |9 266621 | ||
| 700 | |a Curtis Clark, Albertus |e recognovit brevique adnotatione critica instuxit |9 870373 | ||
| 700 | |a Peterson, Gulielmus |e recognovit brevique adnotatione critica instuxit |9 870374 | ||
| 942 | |2 ddc |c BK |n 0 | ||
| 952 | |0 0 |1 0 |2 ddc |4 0 |6 875_000000000000000_CIC_1918 |7 0 |8 C_AGB |9 583526 |a BIBDER |b BIBDER |d 2022-06-08 |e Donación |h v.II |i 5651649 |o 875 CIC 1918 |p 5651649 |r 2023-01-25 |t 1 |w 2022-06-08 |y BK_US |k AGB | ||
| 952 | |0 0 |1 0 |2 ddc |4 0 |6 875_000000000000000_CIC_1917 |7 0 |8 C_AGB |9 583527 |a BIBDER |b BIBDER |d 2022-06-08 |e Donación |h v.III |i 5651650 |o 875 CIC 1917 |p 5651650 |r 2023-01-25 |t 1 |w 2022-06-08 |y BK_US |k AGB | ||